000 00812cam a22002651 4500
001 17593
003 BD-RjUL
005 20211209000150.0
008 140217s1962 enk b 001 0 eng
035 _a(BD-RjUL)17651
035 _a(OCoLC)222885
040 _aDLC
_cOClW
_dOCoLC
_dUk
_dDLC
_dBD-RjUL
_beng
041 _aeng
082 _a809.2
_bSTD
100 1 _aStyan, J. L.
_954211
245 1 4 _aThe dark comedy :
_bthe development of modern comic tragedy /
_cJ.L. Styan
260 _aCambridge [Eng.] :
_bUniversity Press,
_c1962.
300 _a303 p. ;
_c23 cm.
504 _aIncludes bibliography.and index.
650 0 _aDrama
_y20th century
_xHistory and criticism.
_954230
650 0 _aDrama
_xHistory and criticism.
_954231
942 _2ddc
_cBK
999 _c17593
_d17593